Statistics for Largest Cities and Towns of SOUTH DAKOTA by First Letter

Click here to take the quiz!

General Stats

  • This quiz has been taken 109 times
  • The average score is 11 of 24

Answer Stats

LetterPopulationCITY/TOWN% Correct
S181,883Sioux Falls
97%
A28,562Aberdeen
91%
B24,509Brookings
90%
R75,443Rapid City
90%
P13,980Pierre
88%
W22,153Watertown
84%
M15,680Mitchell
82%
Y14,700Yankton
82%
V10,801Vermillion
72%
H13,696Huron
70%
T5,624Tea
46%
D3,669Dell Rapids
40%
C3,471Canton
37%
K708Kadoka
28%
F2,325Flandreau
21%
L2,977Lead
21%
I911Ipswich
15%
N2,885North Sioux City
15%
E1,869Elk Point
10%
G1,501Groton
10%
J512Jefferson
10%
Q63Quinn
10%
U68Utica
10%
O641Onida
6%

Score Distribution

Percentile by Number Answered

Percent of People with Each Score

Your Score History

You have not taken this quiz